Legionnaires' disease (Record no. 69590)
[ view plain ]
| 000 -LEADER | |
|---|---|
| fixed length control field | 00767cam a2200205 4500 |
| 001 - CONTROL NUMBER | |
| control field | WB3808-17 |
| 008 - FIXED-LENGTH DATA ELEMENTS--GENERAL INFORMATION | |
| fixed length control field | 020226n2002 000 0 eng u |
| 035 ## - SYSTEM CONTROL NUMBER | |
| System control number | (Sirsi) u116847 |
| 245 ## - TITLE STATEMENT | |
| Title | Legionnaires' disease |
| 260 ## - PUBLICATION, DISTRIBUTION, ETC. | |
| Date of publication, distribution, etc. | 2002 |
| 490 ## - SERIES STATEMENT | |
| Series statement | Research Focus |
| Volume/sequential designation | (48) February 2002, 2(1) |
| 520 ## - SUMMARY, ETC. | |
| Summary, etc. | Recent research by BRE strongly indicates a link between Legionnaires' disease and the presence of Legionella in water systems in homes. Further information is available from Professor Gary Raw at BRE: t +44 (0)1923 664507; f +44 (0)1923 664443: e [email protected]. |
| 590 ## - LOCAL NOTE (RLIN) | |
| Local note | WB |
| 650 ## - SUBJECT ADDED ENTRY--TOPICAL TERM | |
| Topical term or geographic name entry element | LEGIONNAIRES' DISEASE |
| 650 ## - SUBJECT ADDED ENTRY--TOPICAL TERM | |
| Topical term or geographic name entry element | LEGIONNAIRES' DISEASE |
| 650 ## - SUBJECT ADDED ENTRY--TOPICAL TERM | |
| Topical term or geographic name entry element | WATER SYSTEMS |
| 650 ## - SUBJECT ADDED ENTRY--TOPICAL TERM | |
| Topical term or geographic name entry element | DISEASES |
| 690 ## - LOCAL SUBJECT ADDED ENTRY--TOPICAL TERM (OCLC, RLIN) | |
| Topical term or geographic name as entry element | HEALTH AND SAFETY |
| 9 (RLIN) | 6244 |
| 942 ## - ADDED ENTRY ELEMENTS (KOHA) | |
| Suppress in OPAC | 0 |
| Withdrawn status | Lost status | Source of classification or shelving scheme | Damaged status | Not for loan | Home library | Current library | Shelving location | Date acquired | Total Checkouts | Full call number | Barcode | Date last seen | Copy number | Price effective from | Koha item type |
|---|---|---|---|---|---|---|---|---|---|---|---|---|---|---|---|
| Dewey Decimal Classification | London | London | News article | 26/02/2002 | WB3808-17 | 116847-1001 | 06/08/2019 | 1 | 06/08/2019 | News article |